IIdo. Congreso argentino y exposición sobre el uso racional de la energía = 1er. Jornada sobre regimen de financiación para el uso racional de la energía = 1er. Jornada educacional sobre el uso racional de la energía a nivel primario y secundario, 24 al 30 de noviembre de 1986, Buenos Aires, Argentina /

Guardado en:
Autores Corporativos: Congreso argentino y exposición sobre el uso racional de la energía Buenos Aires, Argentina), Jornada sobre régimen de financiación para el uso racional de la energía, Jornada Educacional sobre el uso recional de la energía a nivel primario y secundario, Asociación Argentina para el uso Racional de la Energía (AAPURE)
Formato: Libro
Idioma:Spanish
Publicado: Buenos Aires : AAPURE, 1986.
Materias:
Etiquetas: Agregar Etiqueta
Sin Etiquetas, Sea el primero en etiquetar este registro!
LEADER 01496nam a22002175a 4500
001 EIQ.libpla001292
008 060904s1986####ag#a##########100#0#spa#d
005 20060904184525.0
245 1 0 |a IIdo. Congreso argentino y exposición sobre el uso racional de la energía =  |b 1er. Jornada sobre regimen de financiación para el uso racional de la energía = 1er. Jornada educacional sobre el uso racional de la energía a nivel primario y secundario, 24 al 30 de noviembre de 1986, Buenos Aires, Argentina /  |c Organiza Asociación Argentina para el uso Racional de la Energía (AAPURE). 
260 |a Buenos Aires :  |b AAPURE,  |c 1986. 
300 |a 3v. :  |b il. ;  |c 20 cm. 
111 2 |a Congreso argentino y exposición sobre el uso racional de la energía  |n (2do. :  |d 1986 :  |c Buenos Aires, Argentina) 
711 2 |a Jornada sobre régimen de financiación para el uso racional de la energía  |n (1er. :  |d 1986 :  |c Buenos Aires, Argentina) 
711 2 |a Jornada Educacional sobre el uso recional de la energía a nivel primario y secundario  |n (1er. :  |d 1986 :  |c Buenos Aires, Argentina) 
710 2 |a Asociación Argentina para el uso Racional de la Energía (AAPURE) 
650 4 |a Conservación de la energía  |x Congresos. 
650 4 |a Energy conservation  |x Congresses. 
040 |a AR-BbSID  |b spa  |c AR-BbSID 
859 |a AR-BbSID  |b BIB. PLAPIQUI  |h 621.403  |i C 62  |p 3514  |v Vol. 1  |3 Vol. 1 
859 |a AR-BbSID  |b BIB. PLAPIQUI  |h 621.403  |i C 62  |p 3515  |v Vol. 2  |3 Vol. 2 
859 |a AR-BbSID  |b BIB. PLAPIQUI  |h 621.403  |i C 62  |p 3516  |v Vol. 3  |3 Vol. 3